000 00752nam a2200205Ia 4500
003 GCL
008 140319s9999 xx 000 0 ara d
040 _aGCL /
_cGCL
082 0 4 _aق
_b790.0932
_bا ت
100 1 _aاحمد الدمرداش تونى
245 1 0 _aتاريخ الرياضة عند قدماء المصريين /
_cاحمد الدمرداش تونى
260 _aالقاهرة :
_bاللجنة الاولمبية المصرية
300 _a119 ص ؛
_c29 سم
490 _aالهيئة العامة للاستعلامات
_v0
650 0 4 _aمصر القديمة
650 0 4 _aالالعاب الرياضية
650 0 4 _aاللياقة البدنية
650 0 4 _aالرياضة البدنية - مصر
942 _2ddc
_cBK
999 _c50470
_d50470